<?xml version="1.0" encoding="UTF-8"?><marc:collection xmlns:marc="http://www.loc.gov/MARC21/slim">
  <marc:record>
    <marc:leader>00000nam  2200000za 4500</marc:leader>
    <marc:controlfield tag="001">9.819980</marc:controlfield>
    <marc:controlfield tag="003">CaOODSP</marc:controlfield>
    <marc:controlfield tag="005">20250911132129</marc:controlfield>
    <marc:controlfield tag="007">cr |||||||||||</marc:controlfield>
    <marc:controlfield tag="008">160623s2002    oncad  #of   f001 0 fre d</marc:controlfield>
    <marc:datafield tag="020" ind1=" " ind2=" ">
      <marc:subfield code="q">(papier)</marc:subfield>
      <marc:subfield code="z">0-660-61750-1</marc:subfield>
    </marc:datafield>
    <marc:datafield tag="040" ind1=" " ind2=" ">
      <marc:subfield code="a">CaOODSP</marc:subfield>
      <marc:subfield code="b">fre</marc:subfield>
    </marc:datafield>
    <marc:datafield tag="041" ind1=" " ind2=" ">
      <marc:subfield code="a">fre</marc:subfield>
      <marc:subfield code="a">eng</marc:subfield>
      <marc:subfield code="a">spa</marc:subfield>
    </marc:datafield>
    <marc:datafield tag="043" ind1=" " ind2=" ">
      <marc:subfield code="a">w------</marc:subfield>
    </marc:datafield>
    <marc:datafield tag="086" ind1="1" ind2=" ">
      <marc:subfield code="a">CW66-204/2002-PDF</marc:subfield>
    </marc:datafield>
    <marc:datafield tag="245" ind1="1" ind2="0">
      <marc:subfield code="a">CITES identification guide - tropical woods </marc:subfield>
      <marc:subfield code="h">[ressource électronique] : </marc:subfield>
      <marc:subfield code="b">guide to the identification of tropical woods controlled under the Convention on International Trade in Endangered Species of Wild Fauna and Flora = Guide d'identification CITES - bois tropicaux : guide d'identification des bois tropicaux protéges par la Convention sur le commerce international des espèces de faune et de flore sauvages manacées d'extinction = Guía de identificación de CITES - maderas tropicales : guía de identificación de las maderas tropicales protegidas por la Convención sobre el Comercio International de Especies Amenazadas de Fauna y Flora Silvestres.</marc:subfield>
    </marc:datafield>
    <marc:datafield tag="246" ind1="3" ind2="1">
      <marc:subfield code="a">Guide d'identification CITES  - bois tropicaux :  </marc:subfield>
      <marc:subfield code="b">guide d'identification des bois tropicaux protéges par la Convention sur le commerce international des espèces de faune et de flore sauvages manacées d'extinction </marc:subfield>
    </marc:datafield>
    <marc:datafield tag="246" ind1="3" ind2="1">
      <marc:subfield code="a">Guía de identificación de CITES - maderas tropicales : </marc:subfield>
      <marc:subfield code="b">guía de identificación de las maderas tropicales protegidas por la Convención sobre el Comercio International de Especies Amenazadas de Fauna y Flora Silvestres</marc:subfield>
    </marc:datafield>
    <marc:datafield tag="260" ind1=" " ind2=" ">
      <marc:subfield code="a">[Ottawa] : </marc:subfield>
      <marc:subfield code="b">Environment Canada = Environnement Canada, </marc:subfield>
      <marc:subfield code="c">2002.</marc:subfield>
    </marc:datafield>
    <marc:datafield tag="300" ind1=" " ind2=" ">
      <marc:subfield code="a">1 v. (pag. multiple) : </marc:subfield>
      <marc:subfield code="b">ill. en coul.</marc:subfield>
    </marc:datafield>
    <marc:datafield tag="500" ind1=" " ind2=" ">
      <marc:subfield code="a">« Une initiative d'Environnement Canada »</marc:subfield>
    </marc:datafield>
    <marc:datafield tag="500" ind1=" " ind2=" ">
      <marc:subfield code="a">Publié avec la collaboration du Secrétariat de la CITES et le United States Department of Agriculture (USDA) Forest Service et Animal and Plant Health Inspection Service.</marc:subfield>
    </marc:datafield>
    <marc:datafield tag="504" ind1=" " ind2=" ">
      <marc:subfield code="a">Comprend des réf. bibliogr. et des index.</marc:subfield>
    </marc:datafield>
    <marc:datafield tag="510" ind1="0" ind2=" ">
      <marc:subfield code="a">Données de catalogage avant publication (Canada) imprimées dans cette publication.</marc:subfield>
    </marc:datafield>
    <marc:datafield tag="520" ind1="0" ind2=" ">
      <marc:subfield code="a">« Plus de 30 000 espèces animales et végétales figurent aux Annexes de la Convention sur le commerce international des espèces de faune et de flore sauvages menacées d’extinction (CITES). Cette grande diversité d’espèces pose un véritable défi pour l’application de la Convention puisque celle-ci exige de pouvoir identifier les spécimens soumis au commerce international. ... Aussi, ce guide est-il le bienvenu pour venir en aide aux responsables de l’identification des chargements de bois aux frontières. Bien sûr, il existe d’autres produits pour reconnaître les bois, mais ils nécessitent souvent de grandes connaissances scientifiques ou des technologies complexes, peu accessibles au personnel impliqué. A l’inverse, ce guide se veut être un outil de terrain simple, précis et accessible à tous. »--Préface.</marc:subfield>
    </marc:datafield>
    <marc:datafield tag="546" ind1=" " ind2=" ">
      <marc:subfield code="a">Texte en anglais, français et espagnol.</marc:subfield>
    </marc:datafield>
    <marc:datafield tag="692" ind1="0" ind2="7">
      <marc:subfield code="2">gccst</marc:subfield>
      <marc:subfield code="a">Bois</marc:subfield>
    </marc:datafield>
    <marc:datafield tag="692" ind1="0" ind2="7">
      <marc:subfield code="2">gccst</marc:subfield>
      <marc:subfield code="a">Identification</marc:subfield>
    </marc:datafield>
    <marc:datafield tag="692" ind1="0" ind2="7">
      <marc:subfield code="2">gccst</marc:subfield>
      <marc:subfield code="a">Manuel</marc:subfield>
    </marc:datafield>
    <marc:datafield tag="692" ind1="0" ind2="7">
      <marc:subfield code="2">gccst</marc:subfield>
      <marc:subfield code="a">Espèce menacée</marc:subfield>
    </marc:datafield>
    <marc:datafield tag="710" ind1="1" ind2=" ">
      <marc:subfield code="a">Canada. </marc:subfield>
      <marc:subfield code="b">Environnement Canada.</marc:subfield>
    </marc:datafield>
    <marc:datafield tag="710" ind1="2" ind2=" ">
      <marc:subfield code="a">Convention sur le commerce international des espèces de faune et de flore sauvages menancées d'extinction </marc:subfield>
      <marc:subfield code="b">Secrétariat</marc:subfield>
      <marc:subfield code="d">(1973)</marc:subfield>
    </marc:datafield>
    <marc:datafield tag="791" ind1=" " ind2=" ">
      <marc:subfield code="t">CITES identification guide - tropical woods </marc:subfield>
      <marc:subfield code="e">eng</marc:subfield>
      <marc:subfield code="w">(CaOODSP)9.819974</marc:subfield>
    </marc:datafield>
    <marc:datafield tag="856" ind1="4" ind2="0">
      <marc:subfield code="q">PDF</marc:subfield>
      <marc:subfield code="s">9.29 Mo</marc:subfield>
      <marc:subfield code="u">https://publications.gc.ca/collections/collection_2016/eccc/CW66-204-2002.pdf</marc:subfield>
    </marc:datafield>
  </marc:record>
</marc:collection>
